000 00525nam a2200181Ia 4500
005 20250326123457.0
008 250326s9999 xx 000 0 und d
037 _aTextbook
040 _aFMSL
_beng
_cFMSL
041 _aeng
_2eng
084 _aX652 P5
_qFMSL
100 _aFischer D E
_9735248
245 0 _aSecurity analysis and portfolio management
_cFischer D E; Jordan R J
260 _aNew Delhi
_bNew Delhi, Prectice-Hall
_c2005
300 _a700p
942 _cTB
_hX652 P5
999 _c1269530
_d1269530